|
|
|
|
| LEADER |
01732nam a2200277 a 4500 |
| 001 |
GR-Patra21740 |
| 008 |
070529s1999 gr g b 001 0 gre d |
| 020 |
|
|
|a 960344717X
|
| 040 |
|
|
|a GrPaTEI
|b gre
|c GR-PaULI
|
| 040 |
|
|
|a GrPaTEI
|b gre
|c GR-PaULI
|
| 082 |
|
0 |
|a 370.15
|2 21
|
| 100 |
1 |
|
|a ευαγγελοπουλος, σπυρος
|
| 245 |
1 |
0 |
|a Θέματα παιδαγωγικής ψυχολογίας :
|b Προβλήματα σχολικού περιβάλλοντοςς και πνευματικής ανάπτυξης των παιδιών /
|c Σπύρος Ευαγγελόπουλος
|n Τόμος Γ'.
|
| 260 |
|
|
|a Αθήνα :
|b Ελληνικά Γράμματα,
|c c1999
|
| 300 |
|
|
|a 207 σ. :
|b πιν.
|
| 504 |
|
|
|a Περιλαμβάνει βιβλιογραφικές παραπομπές και ευρετήριο.
|
| 650 |
|
4 |
|a Εκπαιδευτική ψυχολογία
|
| 650 |
|
4 |
|a Παιδαγωγική ψυχολογία
|
| 650 |
|
4 |
|a Σχολική ψυχολογία
|
| 710 |
0 |
|
|a Ελληνικά Γράμματα
|
| 942 |
|
|
|2 ddc
|
| 952 |
|
|
|0 0
|1 0
|2 ddc
|4 0
|6 370_150000000000000_ΕΥΑ
|7 0
|9 302003
|a LISK
|b LISK
|c BSC
|d 2021-01-17
|e 24
|f 0
|g 0.00
|l 0
|o 370.15 ΕΥΑ
|p 92410031555
|r 2021-01-17 00:00:00
|t 1
|w 2021-01-17
|y BK15
|x 20070529 0 1
|x GrPaTEI
|
| 952 |
|
|
|0 0
|1 0
|2 ddc
|4 0
|6 370_150000000000000_ΕΥΑ
|7 0
|9 302004
|a LISK
|b LISK
|c BSC
|d 2021-01-17
|e 24
|f 0
|g 0.00
|l 0
|o 370.15 ΕΥΑ
|p 92410031556
|r 2021-01-17 00:00:00
|t 1
|w 2021-01-17
|y BK15
|x 20070529 0 1
|x GrPaTEI
|
| 952 |
|
|
|0 0
|1 0
|2 ddc
|4 0
|6 370_150000000000000_ΕΥΑ
|7 1
|9 302005
|a LISK
|b LISK
|c BSC
|d 2021-01-17
|e 24
|f 0
|g 0.00
|l 0
|o 370.15 ΕΥΑ
|p 92410031557
|r 2021-01-17 00:00:00
|t 1
|w 2021-01-17
|y BKN
|x 20070529 0 0
|x GrPaTEI
|
| 971 |
|
|
|a .b26693136
|b 16-04-20
|c 26-09-16
|
| 999 |
|
|
|c 175552
|d 175552
|